Communication disorders in the classroom : an introduction for professionals in school settings (Record no. 7342)

000 -LEADER
fixed length control field 00995 a2200229 4500
020 ## - INTERNATIONAL STANDARD BOOK NUMBER
International Standard Book Number 0763727431
040 ## - CATALOGING SOURCE
Original cataloging agency DLC
Language of cataloging DLC
082 00 - DEWEY DECIMAL CLASSIFICATION NUMBER
Classification number 371.90446
100 1# - MAIN ENTRY--PERSONAL NAME
Personal name Haynes, William O.
245 10 - TITLE STATEMENT
Title Communication disorders in the classroom : an introduction for professionals in school settings
Remainder of title an introduction for professionals in school settings
Statement of responsibility, etc. William O. Haynes, Michael J. Moran, Rebekah Pindzola.
250 ## - EDITION STATEMENT
Edition statement 4th ed.
260 ## - PUBLICATION, DISTRIBUTION, ETC.
Place of publication, distribution, etc. Sudbury, Mass. :
Name of publisher, distributor, etc. Jones and Bartlett Publishers,
Date of publication, distribution, etc. c2006.
300 ## - PHYSICAL DESCRIPTION
Extent xi, 411 p. :
Other physical details ill. ;
Dimensions 23 cm.
650 #0 - SUBJECT ADDED ENTRY--TOPICAL TERM
Topical term or geographic name entry element Children with disabilities
General subdivision Education
Geographic subdivision United States.
650 #0 - SUBJECT ADDED ENTRY--TOPICAL TERM
Topical term or geographic name entry element Language arts
General subdivision Remedial teaching
Geographic subdivision United States.
650 #0 - SUBJECT ADDED ENTRY--TOPICAL TERM
Topical term or geographic name entry element Speech disorders in children
Geographic subdivision United States.
650 #0 - SUBJECT ADDED ENTRY--TOPICAL TERM
Topical term or geographic name entry element Communicative disorders in children
Geographic subdivision United States.
700 1# - ADDED ENTRY--PERSONAL NAME
Personal name Moran, Michael J.,
700 1# - ADDED ENTRY--PERSONAL NAME
Personal name Pindzola, Rebekah H.
856 41 - ELECTRONIC LOCATION AND ACCESS
Materials specified Table of contents
Uniform Resource Identifier <a href="http://www.loc.gov/catdir/toc/ecip0511/2005011485.html">http://www.loc.gov/catdir/toc/ecip0511/2005011485.html</a>
942 ## - ADDED ENTRY ELEMENTS (KOHA)
Koha item type Book
Call number prefix 371.90446 HAY
Source of classification or shelving scheme
Holdings
Withdrawn status Lost status Damaged status Not for loan Collection code Permanent Location Current Location Shelving location Date acquired Source of acquisition Cost, normal purchase price Total Checkouts Full call number Barcode Date last seen Price effective from Koha item type
          Central Library (CL) Central Library (CL) General Stacks 10/05/2006 Pak Book Corporation 1936.71   371.90446 HAY SEECS007594 11/14/2012 01/05/2017 Book
© 2023 Central Library, National University of Sciences and Technology. All Rights Reserved.